| 000 | 01478namaa22003491i 4500 | ||
|---|---|---|---|
| 005 | 20260409142411.0 | ||
| 008 | 260409s1994 ua ad||frm||| 00| 0 eng d | ||
| 040 |
_aEG-GICUC _beng _cEG-GICUC _dEG-GICUC _erda |
||
| 041 | 0 |
_aeng _beng _bara |
|
| 049 | _aDeposit | ||
| 097 | _aM.Sc | ||
| 099 | _aCai01.07.12.M.Sc.1994.Om.E | ||
| 100 | 0 |
_aOmar El-Farouk El-Sayed Mohammed Badwi _epreparation. |
|
| 245 | 1 | 0 |
_aEffect of Growing Media and Location on Propagation and Growth of Some Indoor Plants / _cOmar El-Farouk El-Sayed Mohammed Badwi ; Supervised by E. M. S. Nofal, El-Saady Badawy, Salwa Seliem. |
| 246 | 1 | 5 | _aتأثير وسط الزراعة واموقع على إكثار ونمو بعض النباتات الداخلية |
| 264 | 0 | _c1994. | |
| 300 |
_a195 pages : _billustrations ; _c30 cm. + |
||
| 336 |
_2rda content _atext |
||
| 337 |
_2rdamedia _aUnmediated |
||
| 338 |
_2rdacarrier _avolume |
||
| 502 | _aThesis (M.Sc.)-Cairo University, 1994. | ||
| 504 | _aBibliography: pages 185-195 | ||
| 653 | 0 | _aOrnamental Horticulture | |
| 653 | 0 | _aIndoor plants. | |
| 653 | 0 | _aGrowing media, Plant. | |
| 700 | 0 |
_aE. M. S. Nofal _ethesis advisor. |
|
| 700 | 0 |
_aEl-Saady Badawy _ethesis advisor. |
|
| 700 | 0 |
_aSalwa Seliem _ethesis advisor. |
|
| 900 |
_DDepartment of Ornamental Horticulture _FFaculty of Agriculture _UCairo University _b1994 _cE. M. S. Nofal _cEl-Saady Badawy _cSalwa Seliem _dE. M. S. Nofal |
||
| 905 | _aNermeen-A | ||
| 942 |
_2ddc _cTH _e21 _n0 |
||
| 999 | _c179344 | ||